00328nam a22001097a 4500082000800000100001800008245008100026260003600107300001900143650003100162700002500193 a005 aMatloob, Irum aAnalysis of ECG Survey Data by Applying Clustering Algorithm /cIrum Matloob aIslamabad :bMCS - NUST,c2012. a78 p. ;c30cm. aComputer Science-MS-Thesis aDr. Shoab Ahmed Khan